| 000 | 00936nam a22002177a 4500 | ||
|---|---|---|---|
| 999 |
_c11870 _d11870 |
||
| 003 | AR-CdUCM | ||
| 008 | 190405b ||||| |||| 00| 0 spa d | ||
| 040 |
_aMUNICIPALIDAD PROVINCIAL DEL CUSCO _cBIBLIOTECA MUNICIPAL DEL CUSCO |
||
| 082 |
_a868.3 / _bOC31 / 1860 |
||
| 100 |
_aOchoa, Eugenio de _929449 |
||
| 245 |
_aObras escogidasde D. F. de Quevedo y Villegas : _bcon notas y una noticia de su vida y escritos / |
||
| 260 |
_aParís : _bBaudry, libreria, _c1860. |
||
| 300 |
_a508 paginas ; _c21 cm. |
||
| 440 |
_aColección de los mejores autores españoles _929450 |
||
| 505 | _aContenido : Propiedades y excelencias de la devoción -- De las aspiraciones, oraciones jaculatorias, y buenos pensamientos -- De las verdaderas amistades -- De los deseos -- Remedios para las grandes tentaciones... | ||
| 650 |
_aCasados _929451 |
||
| 650 |
_aBiografías _9148 |
||
| 650 |
_aViudos _929452 |
||
| 942 |
_2ddc _cLIBROS |
||
| 945 | _awnts | ||